Traducciones mesoamericanistas /
Los propósitos de los dos volúmenes que comprenden esta obra son cinco principalmente: publicar trabajos de la antigua civilización mesoamericana; agregar a este núcleo estudios sobre otras regiones cuyos problemas se relacionen directa o indirectamente con Mesoamérica; incluir trabajos referentes a...
Guardat en:
| Format: | Llibre |
|---|---|
| Idioma: | espanyol |
| Matèries: | |
| Etiquetes: |
Sense etiquetes, Sigues el primer a etiquetar aquest registre!
|
MARC
| LEADER | 00000nam^a2200000^a^4500 | ||
|---|---|---|---|
| 001 | 000128219 | ||
| 005 | 20250521000000.0 | ||
| 009 | 20260310094830.417 | ||
| 037 | |a Acervo ITESO - Biblioteca | ||
| 041 | |a ESP | ||
| 082 | |a 972. |b TRA V. 2 | ||
| 240 | 1 | 1 | |a [Traducciones mesoamericanistas] |
| 245 | 0 | 0 | |a Traducciones mesoamericanistas / |
| 264 | |a México : |b Sociedad Mexicana de Antropología, |c 1968 | ||
| 300 | |a 257 p. | ||
| 336 | |a texto |b txt |2 rdacontenido | ||
| 337 | |a sin mediación |b n |2 rdamedio | ||
| 338 | |a volumen |b nc |2 rdasoporte | ||
| 520 | |a Los propósitos de los dos volúmenes que comprenden esta obra son cinco principalmente: publicar trabajos de la antigua civilización mesoamericana; agregar a este núcleo estudios sobre otras regiones cuyos problemas se relacionen directa o indirectamente con Mesoamérica; incluir trabajos referentes a aspectos de la vida indígena desde el primer poblamiento hasta la actualidad; traducir trabajos recientes y antiguos; agregar bibliografías. | ||
| 649 | |a XX | ||
| 650 | |a Indígenas de México - |x Historia | ||
| 650 | |a Indígenas de América Central - |x Historia | ||
| 650 | |a Ritos Funerarios - |z México - |x Historia | ||
| 650 | |a Creencias - |z México - |x Historia | ||
| 650 | |a Religión - |z México - |x Historia | ||
| 650 | |a Cometas - |z México - |x Historia | ||
| 650 | |a Eclipses Solares - |z México - |x Historia | ||
| 650 | |a Astronomía - |z México - |x Historia | ||
| 650 | |a Agricultura - |z México - |x Historia | ||
| 650 | |a Códices Prehispánicos - |z México - |x Historia y Crítica | ||
| 650 | |a Arqueología | ||
| 650 | |a México - |x Historia - |y Epoca Prehispánica | ||
| 650 | |a México - |x Historia | ||
| 910 | |a Fondo Salvador Reynoso Reynoso | ||
| 920 | |a Impresos - Libros | ||
| 930 | |a Fondos Especiales | ||
| 905 | |a 112 | ||
| 901 | |a 0800010165 |b IT2 |c ESP |u 20250521 | ||
| 902 | |a https://opac.biblio.iteso.mx/vufind/Record/000128219 | ||